=LDR 00000nam 2200000 4500 =001 000317 =005 20250711015857 =035 ##$$a 0010-0725000170 =007 ta =008 250711################a##########0#ind## =020 ##$$a 978-602-1101-45-2 =100 #$$a Suprapti, Titik =245 1#$$a Buah Apa? /$c Tutik Suprapti =260 ##$$a Bandung Barat :$b Yayasan Litara,$c 2020 =300 ##$$a 9 hlm. : $b Ilus. ; $c 29,7 cm =856 ##$$a TBM As suhada =082 ##$$a 398. 209 598 =084 ##$$a 398. 209 598 SUP b =990 ##$$a TBM202400017